| 000 | 00383 a2200133 4500 | ||
|---|---|---|---|
| 005 | 20250626140132.0 | ||
| 020 | _a978-0-19-912962-1 | ||
| 082 | _a001.4 FLA | ||
| 100 | _aFLANAGAN, C. | ||
| 245 | _aResearch Methods Companion: For A Level Psychology | ||
| 260 |
_aOxford _bOxford University Press _c2012. |
||
| 300 |
_a159p.: Ill.; figures _bGlossary, References _c27cm |
||
| 942 |
_2ddc _cBKS |
||
| 999 |
_c5377 _d5377 |
||